| 000 | 00373pab a2200145 454500 | ||
|---|---|---|---|
| 008 | 180718b1997 xxu||||| |||| 00| 0 eng d | ||
| 100 | _aSriram, Y. | ||
| 245 | _aOrganizational culture: a catalyst for teams and customer focus | ||
| 260 | _c1997 | ||
| 300 | _ap.1-11 | ||
| 362 | _aMar | ||
| 650 | _aOrganizations | ||
| 773 | _aASCI Journal of Management | ||
| 909 | _a40307 | ||
| 999 |
_c40307 _d40307 |
||